Take it like a man : the autobiography of Boy George /

שמור ב:
מידע ביבליוגרפי
מחבר ראשי: Boy George (Author)
פורמט: ספר
שפה:אנגלית
יצא לאור: London : Sidgwick & Jackson, 1995
תגים: הוספת תג
אין תגיות, היה/י הראשונ/ה לתייג את הרשומה!

MARC

LEADER 00000nam a22000007i 4500
001 IT\ICCU\UBO\2813531
003 ItRI
005 20260115231814.0
008 070924s1995 xxk|||||| ||||| |||||c
020 |a 0283992174 
040 |b ita  |c importazione bologna sebina 
041 7 |a eng  |2 ISO-639-2 
100 0 |a Boy George  |0 IT\ICCU\UBOV\785882  |4 aut 
245 1 0 |a Take it like a man :  |b the autobiography of Boy George /  |c with Spencer Bright. 
260 |a London :  |b Sidgwick & Jackson,  |c 1995 
300 |a 490 p., [12] c. di tav. :  |b ill. ;  |c 25 cm. 
790 1 |a O'Dowd, George Alan  |3 IT\ICCU\UBOV\785883  |z Boy George 
942 |2 ddc  |c BK  |n 0 
952 |0 0  |1 0  |4 0  |6 DOC_782_421000000000000_BOY  |7 0  |9 13062  |a BO  |b BO  |d 2026-01-15  |i 4932  |l 0  |o DOC 782.421 BOY  |p BO4932  |r 2026-01-15 23:18:14  |w 2026-01-15  |x [Sebina 5] [1 v.]  |y BK  |z 1 v. 
999 |c 11193  |d 11193